000
00335nam a2200133Ia 4500
008
240624s9999 xx 000 0 und d
041
_a
eng
082
_a
658.403 HEA
100
_a
HEATH CHIP
245
_a
DECISIVE HOW TO MAKE BETTER DECISIONS
260
_c
2013
_a
London
_b
Random House
300
_a
316 : p. : cm. ; 20
365
_c
RS
999
_c
24016
_d
24016